000 00992nam a22002417a 4500
999 _c11541
_d11541
003 AR-CdUCM
008 190404b ||||| |||| 00| 0 spa d
040 _aMUNICIPALIDAD PROVINCIAL DEL CUSCO
_cBIBLIOTECA MUNICIPAL DEL CUSCO
082 _a376.51 /
_bV141 / 1951
100 _aValcárcel, Carlos Daniel
_96185
245 _aEl actual edificio de la Universidad Nacional Mayor de San Marcos /
260 _aLima :
_bUNMSM,
_c1951.
300 _a81 páginas ;
_bIlustraciones,
_c25 cm.
505 _aContenido: Noticia histórica del actual edificio de la universidad de San Marcos -- La capital de nuestra señora de Loreto, hoy salón de actuaciones de la facultad de letras de la universidad mayor de San Marcos.
650 _aUniversidad Nacional Mayor de San Marcos
_910527
650 _aLima
_9231
650 _aPerú
_935
650 _aArquitectura colonial
_928957
650 _aÉpoca Colonial.
_9645
700 _aIbscher, Gred
_928958
942 _2ddc
_cLIBROS
945 _acmm